[Event "BCC #8"]
[Site "Boise, ID"]
[Date "2015.07.25"]
[Round "2.3"]
[White "Siek, Justin"]
[Black "Machin, Alex James"]
[Result "0-1"]
[WhiteElo "1172"]
[BlackElo "1661"]
[EventRounds "4"]
[EventCountry "USA"]

1. e4 e6 2. d4 d5 3. e5 c5 4. c3 Nc6 5. Nf3 Bd7 6. a3 a5 7. Be2 Nge7 8. O-O
Nf5 9. Be3 Be7 10. Nbd2 O-O 11. Qc2 cxd4 12. cxd4 Qb6 13. Qc3 Rfc8 14. Qb3
Qxb3 15. Nxb3 b6 16. Rac1 Nxe3 17. fxe3 h6 18. Bb5 a4 19. Nbd2 Ra5 20. Bd3 Ra7
21. Rc2 Rac7 22. Rfc1 Bd8 23. Bb5 Nxe5 24. Rxc7 Rxc7 25. Rxc7 Bxc7 26. Bxd7
Nxd7 27. Kf2 Nf6 28. b3 axb3 29. Nxb3 Ne4+ 30. Ke2 Bd6 31. a4 Nc3+ 32. Kd2
Nxa4 33. Kd3 Nb2+ 34. Kc2 Nc4 35. Kd3 Ba3 36. g4 Kf8 37. e4 Ke7 38. exd5 exd5
39. Nfd2 Nxd2 40. Nxd2 b5 41. Kc3 b4+ 42. Kb3 g6 43. Nb1 f5 44. Nxa3 bxa3 45.
Kxa3 f4 46. Kb4 f3 47. Kc5 Ke6 48. Kc6 f2 49. h4 f1=Q {#R} 0-1

[Event "BCC #9"]
[Site "Boise, ID"]
[Date "2015.08.29"]
[Round "2.1"]
[White "Machin, Alex James"]
[Black "Kircher, Caleb Paul"]
[Result "0-1"]
[WhiteElo "1700"]
[BlackElo "1838"]

1. c4 g6 2. Nc3 Bg7 3. g3 c5 4. Bg2 Nc6 5. Nf3 Nf6 6. O-O O-O 7. d4 cxd4 8.
Nxd4 a6 9. e4 d6 10. Nc2 Be6 11. b3 Qa5 12. Bd2 Qc7 13. Qe1 Nd7 14. Rc1 Nd4
15. Nd5 Bxd5 16. Nxd4 Bxd4 17. exd5 Rfe8 18. Bc3 Qb6 19. Bxd4 Qxd4 20. Qc3
Qxc3 21. Rxc3 a5 22. Re1 Kf8 23. Bh3 Rad8 24. Bxd7 Rxd7 25. c5 Rc8 26. c6 Rdc7
27. cxb7 Rxc3 28. bxc8=Q+ Rxc8 29. Re4 Rc5 30. Rd4 Kg7 31. Kf1 f5 32. f4 Kf7
33. Ke2 Kf6 34. Ke3 Rc3+ 35. Rd3 Rc5 36. Kd2 Kf7 37. a3 Ke8 38. b4 axb4 39.
axb4 Rc4 40. b5 Rb4 41. Kc3 Rxb5 42. Rd2 Kd7 43. Kd4 Rb1 44. Ke3 Re1+ 45. Kd3
Ke8 46. Kc4 Kf7 47. Kb5 Kf6 48. Kc6 Re3 49. Kd7 h6 50. Kd8 g5 51. fxg5+ hxg5
52. Kd7 Kg6 53. Ke8 Kh5 54. Kf7 Kg4 55. Kg6 f4 56. gxf4 gxf4 57. Rd4 Re5 58.
h3+ Kxh3 59. Rxf4 Rxd5 60. Kf7 Re5 61. Ke8 Kg3 62. Rf1 d5 63. Kd7 d4 64. Kc6
d3 65. Rd1 Re3 66. Kd5 Kf2 67. Kc4 Ke2 68. Rh1 d2 69. Rh2+ Kd1 70. Kd4 Re2
{#R} 0-1

[Event "BCC #9"]
[Site "Boise, ID"]
[Date "2015.08.29"]
[Round "3.3"]
[White "Amen, Chris"]
[Black "Machin, Alex James"]
[Result "1-0"]
[WhiteElo "1683"]
[BlackElo "1700"]

1. e4 e6 2. d4 d5 3. Nd2 Nf6 4. e5 Nfd7 5. Bd3 c5 6. c3 Nc6 7. Ne2 Be7 8. O-O
O-O 9. f4 f6 10. Nf3 b6 11. g4 a5 12. Qc2 g6 13. Bxg6 hxg6 14. Qxg6+ Kh8 15.
g5 fxg5 16. fxg5 Ba6 17. Qh6+ Kg8 18. Qxe6+ Kh8 19. Qh6+ Kg8 20. g6 Rf7 21.
gxf7+ Kxf7 22. Ng5+ Ke8 23. Qg6# 1-0

[Event "BCC #9"]
[Site "Boise, ID"]
[Date "2015.08.29"]
[Round "4.5"]
[White "Machin, Alex James"]
[Black "Siek, Justin"]
[Result "1-0"]
[WhiteElo "1700"]
[BlackElo "1172"]

1. c4 e5 2. g3 Bc5 3. Nc3 Nf6 4. Bg2 d6 5. Nf3 Nc6 6. O-O O-O 7. d3 h6 8. Rb1
a5 9. a3 Rb8 10. Ne1 Be6 11. Nc2 d5 12. cxd5 Nxd5 13. Ne3 Nxc3 14. bxc3 f5 15.
c4 f4 16. Nd5 fxg3 17. hxg3 b6 18. e3 Qd6 19. Be4 Bf5 20. Bxf5 Rxf5 21. Qb3
Rbf8 22. Bb2 Rh5 23. Kg2 Qd7 24. Rh1 Rxh1 25. Rxh1 Qg4 26. Qd1 Qxd1 27. Rxd1
Bd6 28. Rh1 Kh7 29. Nc3 g6 30. Nb1 h5 31. Nd2 Kh6 32. Nf3 {(Time Forfeit)}
{#r} 1-0

[Event "BCC #10"]
[Site "Boise, ID"]
[Date "2015.09.26"]
[Round "1.1"]
[White "Machin, Alex James"]
[Black "Siek, Justin"]
[Result "1-0"]
[WhiteElo "1692"]
[BlackElo "1161"]
[EventRounds "4"]
[EventCountry "USA"]

1. Nf3 Nc6 2. e4 e5 3. d4 exd4 4. Nxd4 Nxd4 5. Qxd4 Nf6 6. e5 c5 7. Qe3 Nd5 8.
Qe4 Nc7 9. Nc3 Be7 10. Bf4 O-O 11. Bd3 g6 12. O-O-O Re8 13. Qf3 Rb8 14. Ne4 b6
15. Nf6+ Bxf6 16. exf6 d6 17. Bh6 Bb7 18. Qg3 Qxf6 19. h4 Re5 20. h5 g5 21. f4
Rd5 22. fxg5 Qe6 23. Rde1 Qd7 24. Bc4 Rf5 25. Bd3 Rd5 26. Rhf1 Re8 27. Rxe8+
Qxe8 28. Bc4 Re5 29. Bxf7+ Kh8 30. Bxe8 Rxe8 31. Qc3+ Re5 32. Rf8# 1-0

[Event "BCC #10"]
[Site "Boise, ID"]
[Date "2015.09.26"]
[Round "3.2"]
[White "Machin, Alex James"]
[Black "Inman, James"]
[Result "0-1"]
[WhiteElo "1692"]
[BlackElo "1823"]
[EventRounds "4"]
[EventCountry "USA"]

1. e4 c6 2. d4 d5 3. exd5 cxd5 4. Bd3 Nc6 5. c3 Qc7 6. Ne2 e6 7. Bf4 Bd6 8. g3
Nf6 9. Nd2 O-O 10. Nf3 Bd7 11. Qc2 Rac8 12. Rc1 g6 13. h4 Nh5 14. Bxd6 Qxd6
15. g4 Nf4 16. h5 Nb4 17. cxb4 Rxc2 18. Bxc2 Qxb4+ 19. Nc3 Qxb2 20. Ne2 Rc8
{#R} 0-1

[Event "BCC #10"]
[Site "Boise, ID"]
[Date "2015.09.26"]
[Round "4.4"]
[White "Liu, James"]
[Black "Machin, Alex James"]
[Result "0-1"]
[WhiteElo "1158"]
[BlackElo "1692"]
[EventRounds "4"]
[EventCountry "USA"]

1. d4 e6 2. c4 f5 3. Nc3 Nf6 4. Bg5 Be7 5. Nf3 d6 6. e3 O-O 7. Be2 b6 8. O-O
Bb7 9. Qc2 Nbd7 10. Rae1 Ne4 11. Bxe7 Qxe7 12. Nd2 Ndf6 13. f3 Nxd2 14. Qxd2
e5 15. d5 a6 16. e4 fxe4 17. fxe4 Bc8 18. Qe3 Bd7 19. Qg3 Rf7 20. Rf2 Raf8 21.
Ref1 a5 22. Bd3 Nh5 23. Rxf7 Rxf7 24. Rxf7 Qxf7 25. Qf2 Nf4 26. Bc2 Qg6 27.
Qg3 Qe8 28. Qf3 b5 29. b3 bxc4 30. bxc4 Qb8 31. Bb3 Qb4 32. Kf2 a4 33. Bd1
Qxc4 34. Qe3 h6 35. g3 Bh3 36. Be2 Nxe2 37. Nxe2 Qxa2 38. Qa7 Bg4 39. Qe3
Qxe2+ {#R} 0-1

[Event "Wood River Weekend Progressive"]
[Site "Hailey, ID"]
[Date "2015.10.10"]
[Round "1.2"]
[White "Machin, Alex James"]
[Black "Murphy, Andre"]
[Result "1-0"]
[WhiteElo "1675"]
[BlackElo "1132"]
[EventRounds "4"]
[EventCountry "USA"]

1. e4 e6 2. Nf3 d5 3. e5 c5 4. b4 Bd7 5. bxc5 Bxc5 6. d4 Be7 7. Bd3 Nc6 8. c3
Qb6 9. O-O O-O-O 10. Ba3 Bxa3 11. Nxa3 a6 12. Rb1 Qa7 13. Qb3 b5 14. Bxb5 Kc7
15. Bxc6 Bxc6 16. Qb4 a5 17. Nb5+ Bxb5 18. Qxb5 h6 19. c4 Rb8 20. Qa4 Rxb1 21.
Rxb1 Ne7 22. c5 Rb8 23. Rxb8 Qxb8 24. Qxa5+ Kc8 25. h3 Nc6 26. Qa6+ Qb7 27.
Qxb7+ Kxb7 28. Kf1 g6 29. Ke2 Ka6 30. Kd3 Nb4+ 31. Kc3 Nxa2+ 32. Kb3 Nc1+ 33.
Kb4 Nd3+ 34. Ka4 Kb7 35. Kb5 Kc7 36. Nd2 Nb2 37. Nb3 Nc4 38. c6 g5 39. Nc5 Nb6
40. Na6+ Kc8 41. Kxb6 Kd8 42. Kb7 Ke7 {Clock times: White 8.1 seconds; Black
2: 32. White now played 43.c8Q which was illegal since the pawn was on c6.
Black was awarded two additional minutes by Chief TD Adam Porth to be awarded
if he ran out of time. Alex Machin stopped recording after 31...Nxa2+. Andre
Murphy stopped recording after 19...Rb8. The entire game from move 32 forward
was caught on video by Assistant TD Jeffrey Roland, so all the moves are
accurately recorded and preserved.} 43. c7 Kf8 44. c8=Q+ Kg7 45. Nc7 Kg6 46.
Ne8 Kf5 47. Qd8 Ke4 48. Qf6 Kxd4 49. Kc6 Ke4 50. Nd6+ Kd4 51. Nb5+ Ke4 52.
Nc3+ Kd4 53. Ne2+ Kc4 54. Qxf7 Kd3 55. Qxe6 Kxe2 56. Kxd5 Kf1 57. Qxh6 Kg1 58.
Qxg5 Kh2 59. h4 Kg1 60. h5 Kf1 61. h6 Ke1 62. h7 Kf1 63. h8=Q Kg1 64. f4 Kf2
65. Qhh4+ Kg1 66. Qe1+ Kh2 67. Qgh4+ Kxg2 68. Qef2# 1-0

[Event "Wood River Weekend Progressive"]
[Site "Hailey, ID"]
[Date "2015.10.10"]
[Round "2.1"]
[White "Roland, Jeffrey T"]
[Black "Machin, Drew Anthony"]
[Result "1-0"]
[WhiteElo "1706"]
[BlackElo "990"]
[EventRounds "4"]
[EventCountry "USA"]

1. d4 d5 2. c4 e6 3. Nf3 Nf6 4. Bf4 Nbd7 5. e3 Bb4+ 6. Nc3 O-O 7. Bd3 dxc4 8.
Bxc4 b6 9. O-O a6 10. Qc2 Bb7 11. Bd3 Bxf3 12. gxf3 Re8 13. Rad1 Qe7 14. Ne4
Nxe4 15. Bxe4 Rac8 16. Bb7 Bd6 17. Bxd6 Qxd6 18. Bxc8 Rxc8 19. Qe4 Nf6 20. Qb7
Rd8 21. Rc1 Nd5 22. Rc6 Qe7 23. Rfc1 Qg5+ 24. Kf1 Qh4 25. Ke2 Qxh2 26. R6c4 a5
27. a3 h5 28. Rxc7 Rf8 29. Rc8 g6 30. Rxf8+ Kxf8 31. Rc8+ Kg7 32. Re8 Kf6 33.
Qd7 Qg2 34. Qd8+ Kf5 35. e4+ Kf4 36. Qh4+ {#r} 1-0

[Event "Wood River Weekend Progressive"]
[Site "Hailey, ID"]
[Date "2015.10.10"]
[Round "3.1"]
[White "Machin, Alex James"]
[Black "Roland, Jeffrey T"]
[Result "1-0"]
[WhiteElo "1675"]
[BlackElo "1706"]
[EventRounds "4"]
[EventCountry "USA"]

1. e4 e5 2. Bc4 Nf6 3. d4 exd4 4. Bg5 h6 5. Bh4 Nc6 6. Nf3 d6 7. Nxd4 Be7 8.
Nc3 Ne5 9. Bxf6 Bxf6 10. Be2 O-O 11. Nd5 c6 12. Nxf6+ Qxf6 13. O-O Bd7 14. c3
a6 15. f4 Ng6 16. Qd2 c5 17. Nc2 Bc6 18. Bd3 Rad8 19. Rae1 Rfe8 20. Re2 c4 21.
Bxc4 Rxe4 22. Rxe4 Bxe4 23. Nb4 d5 24. Nxd5 Qd6 25. Rd1 Qc5+ 26. Qd4 Qxd4+ 27.
Rxd4 Re8 28. g3 Kf8 29. Kf2 b5 30. Bb3 f5 31. Ne3 Ne7 32. Bc2 Nc6 33. Rd2 g6
34. Rd7 Bxc2 35. Nxc2 {(Time Forfeit)} {#r} 1-0

[Event "Wood River Weekend Progressive"]
[Site "Hailey, ID"]
[Date "2015.10.10"]
[Round "4.1"]
[White "Machin, Drew Anthony"]
[Black "Machin, Alex James"]
[Result "1/2-1/2"]
[WhiteElo "990"]
[BlackElo "1675"]
[EventRounds "4"]
[EventCountry "USA"]

1. d4 e6 2. Nf3 f5 3. Bg5 Nf6 4. c4 Be7 5. e3 O-O 6. g3 b6 7. Bg2 Bb7 8. O-O
d6 9. Nc3 Nbd7 10. Qc2 Ne4 11. Bxe7 Qxe7 12. Nd2 Nxd2 13. Qxd2 Bxg2 14. Kxg2
a5 15. a4 Rad8 16. Nb5 Nf6 17. Na7 Ne4 18. Nc6 Qd7 19. Qd3 Qxc6 20. d5 Qd7 21.
f3 Nc5 22. Qc2 e5 23. h4 Rde8 24. h5 h6 25. Kh1 Qf7 26. Qh2 Re7 27. Rg1 e4 28.
f4 Kh7 29. Rg2 Qe8 30. Rag1 Qxa4 31. g4 fxg4 32. Rxg4 Qxc4 33. Qg2 Rg8 34. Rg6
Qxd5 35. Qg4 Nd3 36. Rg2 Rd7 37. Qxd7 Qxh5+ 38. Kg1 Qd1+ 39. Kh2 Qh5+ 40. Kg1
Qd1+ {#d} 1/2-1/2

[Event "2015 BCC #11"]
[Site "Boise, ID"]
[Date "2015.10.24"]
[Round "1.1"]
[White "Machin, Alex James"]
[Black "Kircher, Caleb Paul"]
[Result "0-1"]
[WhiteElo "1675"]
[BlackElo "1879"]
[EventRounds "4"]
[EventCountry "USA"]

1. Nf3 g6 2. d4 Bg7 3. e3 c5 4. c3 d6 5. Be2 Nf6 6. Nbd2 O-O 7. O-O Nc6 8. Re1
Bg4 9. h3 Bxf3 10. Bxf3 cxd4 11. exd4 d5 12. Nb3 e6 13. Bf4 Rc8 14. Nc5 b6 15.
Nd3 Na5 16. Qa4 Qd7 17. Qxd7 Nxd7 18. Ne5 Rfd8 19. Rab1 Nxe5 20. Bxe5 Nc4 21.
Bxg7 Kxg7 22. Be2 Nd2 23. Rbd1 Ne4 24. Bd3 Nd6 25. a4 Rc6 26. Ba6 b5 27. axb5
Rb6 28. Ra1 Nxb5 29. Bxb5 Rxb5 30. Rxa7 Rxb2 31. Rc1 Rc8 32. Ra4 Rd2 33. Kf1
Rb8 34. Kg1 Rbb2 35. Rf1 Rbc2 36. Ra3 h5 37. h4 Kf6 38. g3 Rd3 39. Kg2 Rcxc3
40. Rxc3 Rxc3 41. Rd1 Kf5 42. f3 f6 43. Rd2 Ra3 44. Kf2 g5 45. hxg5 Kxg5 46.
Kg2 h4 47. gxh4+ Kxh4 48. Re2 Ra6 49. Kf2 Kg5 50. Kg3 Kf5 51. Re3 Ra1 52. Rd3
Ra5 53. Rd2 e5 54. dxe5 fxe5 55. Rd3 d4 56. Rb3 Ra2 57. Rd3 Rc2 58. Rd1 Re2
59. Rd3 Ra2 60. Rd1 Ra8 61. Rd3 Rg8+ 62. Kf2 Kf4 63. Ra3 Rg3 64. Ke2 e4 65.
Ra4 d3+ 66. Kd2 Rxf3 {#R} 0-1

[Event "2015 BCC #11"]
[Site "Boise, ID"]
[Date "2015.10.24"]
[Round "2.4"]
[White "Sanderson, Kenneth"]
[Black "Machin, Alex James"]
[Result "0-1"]
[WhiteElo "1438"]
[BlackElo "1675"]
[EventRounds "4"]
[EventCountry "USA"]

1. e4 c5 2. Nc3 e6 3. Nf3 d6 4. d4 cxd4 5. Nxd4 a6 6. a4 Nf6 7. Bd3 Be7 8. O-O
O-O 9. f4 Nbd7 10. Nf3 Nc5 11. b4 Nxd3 12. cxd3 b6 13. Bb2 Bb7 14. Qd2 Rc8 15.
Rac1 Ba8 16. Ne2 Qd7 17. a5 b5 18. Rxc8 Rxc8 19. Rc1 Qb7 20. Rxc8+ Qxc8 21.
Qc3 Qxc3 22. Bxc3 Nd7 23. Kf2 Nb8 24. Ned4 Bf6 25. Ne2 Nc6 26. Bxf6 gxf6 27.
Nd2 Nxb4 28. Nc1 Kf8 29. Ndb3 Ke7 30. Ke2 f5 31. Ke3 fxe4 32. dxe4 f5 33. Nd2
fxe4 34. Nxe4 Nd5+ 35. Kf3 Nc3 {#R} 0-1

[Event "2015 BCC #11"]
[Site "Boise, ID"]
[Date "2015.10.24"]
[Round "3.4"]
[White "Machin, Alex James"]
[Black "Zaklan, David"]
[Result "1-0"]
[WhiteElo "1675"]
[BlackElo "1495"]
[EventRounds "4"]
[EventCountry "USA"]

1. e4 e5 2. Bc4 Nf6 3. d4 c6 4. dxe5 Nxe4 5. Nf3 Be7 6. O-O O-O 7. Nbd2 d5 8.
Bd3 Bf5 9. Qe2 Nxd2 10. Bxd2 Bg4 11. h3 Be6 12. c3 Nd7 13. Nd4 Qc7 14. Rae1
Rae8 15. f4 Nc5 16. Bb1 Na4 17. f5 Bc8 18. f6 Bd8 19. Qh5 g6 20. Qh6 {#r} 1-0

[Event "2015 BCC #11"]
[Site "Boise, ID"]
[Date "2015.10.24"]
[Round "4.3"]
[White "Machin, Alex James"]
[Black "Roland, Jeffrey T"]
[Result "1-0"]
[WhiteElo "1675"]
[BlackElo "1706"]
[EventRounds "4"]
[EventCountry "USA"]

1. e4 e6 2. d4 d5 3. e5 c5 4. c3 Nc6 5. Be3 Qb6 6. Qd2 Bd7 7. Be2 Rc8 8. Nf3
cxd4 9. cxd4 Nge7 10. O-O Nf5 11. Nc3 Be7 12. Rac1 Nxe3 13. fxe3 O-O 14. Ne1
f6 15. exf6 Bxf6 16. Nd3 Bg5 17. Nc5 Nxd4 18. Rxf8+ Rxf8 19. Qxd4 Qxb2 20. Rb1
Qc2 21. Nxd7 Rc8 22. Qg4 Bxe3+ 23. Kh1 Qxc3 24. Qxe6+ Kh8 25. Rf1 d4 26. Qe7
h6 27. Ne5 Qc2 28. Bd3 {#r} 1-0

[Event "BCC #12"]
[Site "Boise, ID"]
[Date "2015.12.05"]
[Round "1.5"]
[White "Machin, Alex James"]
[Black "He, Justin"]
[Result "1-0"]
[WhiteElo "1696"]
[BlackElo "759"]

1. e4 c6 2. d4 d5 3. e5 Bf5 4. Nf3 e6 5. Be2 Qb6 6. O-O c5 7. c4 cxd4 8. Nxd4
Bg6 9. cxd5 exd5 10. Nc3 Bc5 11. Nxd5 Qd8 12. Nb3 Bb6 13. Nxb6 Qxb6 14. Be3
Qe6 15. Rc1 Nc6 16. Nc5 Rd8 17. Nxe6 Rxd1 18. Nxg7+ Kf8 19. Rfxd1 Kxg7 20. Bb5
Nxe5 21. Bd4 f6 22. Bxe5 fxe5 23. Rc7+ Kf6 24. Rd8 Bf7 25. Bc4 Bxc4 26. Rxc4
Kg7 27. Rc7+ Kf6 28. Rxb7 a6 29. Ra7 e4 30. Rxa6+ Kf7 31. Rb8 h6 32. a4 h5 33.
Raa8 h4 34. a5 h3 35. Rxg8 Rxg8 36. Rxg8 Kxg8 37. a6 hxg2 38. a7 e3 39. a8=Q+
Kg7 40. fxe3 Kf7 41. Kxg2 Kg7 42. Kg3 Kf7 43. Kf4 Kg7 44. Kf5 Kf7 45. Qa7+ Kf8
46. Kf6 Kg8 47. Qg7# 1-0

[Event "BCC #12"]
[Site "Boise, ID"]
[Date "2015.12.05"]
[Round "2.2"]
[White "Zaklan, David"]
[Black "Machin, Alex James"]
[Result "0-1"]
[WhiteElo "1457"]
[BlackElo "1696"]

1. d4 Nf6 2. Nf3 e6 3. Bf4 d5 4. e3 c5 5. c3 Be7 6. Be2 O-O 7. O-O b6 8. Nbd2
Ba6 9. c4 Nc6 10. Ne5 Nxe5 11. Bxe5 Qd7 12. b3 Rac8 13. Rc1 Rfd8 14. Qc2 h6
15. Rfd1 cxd4 16. exd4 Bb7 17. Nf3 Ba8 18. Bg3 Qb7 19. Ne5 dxc4 20. Bf3 cxb3
21. Bxb7 bxc2 22. Bxc8 cxd1=Q+ 23. Rxd1 Rxc8 24. a4 Nh5 25. h3 Nxg3 26. fxg3
Bf6 27. Nf3 Rc4 28. Ne5 Bxe5 29. dxe5 Bd5 30. Ra1 Kf8 31. a5 b5 32. Rb1 b4 33.
Rb2 Rc1+ 34. Kh2 b3 35. g4 Rc2 {#R} 0-1

[Event "BCC #12"]
[Site "Boise, ID"]
[Date "2015.12.05"]
[Round "3.1"]
[White "Buus, Jarod N"]
[Black "Machin, Alex James"]
[Result "1-0"]
[WhiteElo "1710"]
[BlackElo "1696"]

1. e4 e6 2. d4 d5 3. Nc3 dxe4 4. Nxe4 Nd7 5. Nf3 Ngf6 6. Nxf6+ Nxf6 7. c4 Be7
8. Bd3 b6 9. O-O O-O 10. b3 Bb7 11. Bb2 Rc8 12. Qc2 h6 13. Ne5 c5 14. Rad1 Qc7
15. Rfe1 Rfd8 16. Re3 cxd4 17. Bxd4 Rxd4 18. Bh7+ Nxh7 19. Rxd4 Bf6 20. Rd7
Bxe5 21. Rxc7 Bxc7 22. f3 Rd8 23. Rd3 Rxd3 24. Qxd3 Bc8 25. b4 Nf6 26. Qa3 a6
27. b5 axb5 28. Qa8 Bd6 29. Qxc8+ Kh7 30. cxb5 Nd5 31. Qc2+ g6 32. h4 Kg7 33.
a4 Bb4 34. Kh2 Bd6+ 35. g3 Bb4 36. Kh3 Ba5 37. Qe4 Nc3 38. Qd4+ Kh7 39. Qf6
Kg8 40. h5 gxh5 41. Qxh6 Nxa4 42. Qxh5 Nc3 {(White now played an illegal move.
Played continued 43.g5 Nxb5 44.g6 fxg6 45.Qxb5 Kf7 46.Kg4 Kf6 47.f4 Kf7 48.Kg5
Ke7 49.Kxg6 Kd6 50.Kf7 1-0--Jeffrey Roland.)} {#r} 1-0

[Event "BCC #12"]
[Site "Boise, ID"]
[Date "2015.12.05"]
[Round "4.2"]
[White "Machin, Alex James"]
[Black "Inman, James"]
[Result "0-1"]
[WhiteElo "1696"]
[BlackElo "1770"]

1. Nf3 Nf6 2. g3 d5 3. d4 c5 4. Bg2 Nc6 5. O-O e6 6. b3 b6 7. Bb2 Bb7 8. Nbd2
Be7 9. Re1 O-O 10. Rc1 cxd4 11. Nxd4 Nxd4 12. Bxd4 Ba3 13. Rb1 Re8 14. c4 Qc7
15. Bxf6 gxf6 16. cxd5 Bxd5 17. Bxd5 exd5 18. Nf3 Rad8 19. e3 Qe7 20. Nd4 Qd7
21. Qh5 Re5 22. Qh6 Bf8 23. Qxf6 Bg7 24. Qc6 Qh3 25. Qc2 Rc8 26. Qe2 Re4 27.
Nf3 Qd7 28. Red1 d4 29. Qd3 Qf5 30. Nxd4 Bxd4 31. exd4 Re1+ {#R} 0-1

[Event "FM David Lucky Simul"]
[Site "Boise, ID"]
[Date "2016.01.30"]
[Round "4"]
[White "Lucky, David"]
[Black "Machin, Alex James"]
[Result "1-0"]
[WhiteElo "2381"]
[BlackElo "1675"]
[EventCountry "USA"]

1. Nf3 f5 2. d4 Nf6 3. g3 g6 4. Bg2 Bg7 5. O-O O-O 6. c4 d6 7. Nc3 c6 8. Qc2
Qe8 9. e4 e5 10. dxe5 dxe5 11. Re1 Nh5 12. exf5 gxf5 13. Nxe5 f4 14. Nd3 Qg6
15. Be4 Bf5 16. Nxf4 Bxe4 17. Qxe4 Nxf4 18. Bxf4 Bxc3 19. bxc3 Na6 20. Qxg6+
hxg6 21. Re6 Kf7 22. Rae1 Rfe8 23. Rxe8 Rxe8 24. Rxe8 Kxe8 25. Be3 b6 26. Kg2
{#r} 1-0

[Event "FM David Lucky Simul"]
[Site "Boise, ID"]
[Date "2016.01.30"]
[Round "22"]
[White "Lucky, David"]
[Black "Machin, Drew Anthony"]
[Result "1-0"]
[WhiteElo "2381"]
[BlackElo "1153"]
[EventCountry "USA"]

1. e4 c6 2. d4 d5 3. exd5 cxd5 4. c4 dxc4 5. Bxc4 Nf6 6. Nf3 e6 7. O-O Nbd7 8.
Nc3 Nb6 9. Bb3 Be7 10. Qe2 O-O 11. Rd1 Nbd5 12. Ne5 Bd7 13. Bg5 Rc8 14. Nxd7
Qxd7 15. Qf3 Rfe8 16. Ba4 Qd6 17. Bxe8 Rxe8 18. Nxd5 Nxd5 19. Bxe7 Rxe7 20.
Rac1 g6 21. Qe4 Qa6 22. Qe5 Re8 23. a3 Qb5 24. Rc5 Qb3 25. Rdc1 f6 26. Qd6
Qxb2 {And at this point, the score becomes illegible. Black resigns around
move 35. --Jeffrey Roland.} {#r} 1-0